Engineering Geology for Infrastructure Planning in Europe. A European Perspective

Podrobná bibliografie
Další autoři: Hack R. Robert (редактор), Azzam R. Rafig, Charlier R. Robert
Jazyk:angličtina
Vydáno: Berlin, Springer-Verlag, 2004
Edice:Lecture Notes in Earth Sciences Vol. 104
Témata:
Médium: MixedMaterials Kniha
KOHA link:https://koha.lib.tpu.ru/cgi-bin/koha/opac-detail.pl?biblionumber=140462

MARC

LEADER 00000nam0a2200000 4500
001 140462
005 20231031142043.0
010 |a 354021075X 
035 |a (RuTPU)RU\TPU\book\152169 
090 |a 140462 
100 |a 20080701d2004 k y0engy50 ba 
101 0 |a eng 
102 |a DE 
105 |a a z 001zy 
200 1 |a Engineering Geology for Infrastructure Planning in Europe. A European Perspective  |f editors R. Hack, R. Azzam, R. Charlier 
210 |a Berlin  |c Springer-Verlag  |d 2004 
215 |a 803 p.  |c il. 
225 1 |a Lecture Notes in Earth Sciences  |v Vol. 104 
320 |a Библиография в конце статей 
610 1 |a строительство 
610 1 |a инфраструктура 
610 1 |a Европа 
610 1 |a инженерная геология 
610 1 |a английский язык 
675 |a 624.131.1(47)  |v 3 
702 1 |a Hack  |b R.  |g Robert  |4 340 
702 1 |a Azzam  |b R.  |g Rafig  |4 340 
702 1 |a Charlier  |b R.  |g Robert  |4 340 
801 1 |a RU  |b 63413507  |c 20080701  |g PSBO 
801 2 |a RU  |b 63413507  |c 20080715  |g PSBO 
942 |c BK